La pesadilla terrorista : miedo y fantasía en Estados Unidos después del 11-S /

Uloženo v:
Podrobná bibliografie
Hlavní autor: Faludi, Susan (autor)
Médium: Kniha
Jazyk:španělština
Vydáno: Barcelona, España : Anagrama, 2009, c2009
Edice:(Argumentos ; 401)
Témata:
Tagy: Přidat tag
Žádné tagy, Buďte první, kdo vytvoří štítek k tomuto záznamu!

MARC

LEADER 00000nam^a2200000^a^4500
001 000309921
005 20250521000000.0
009 20260310112959.646
020 |a 978-84-339-6296-6 
037 |a Acervo ITESO - Biblioteca 
041 |a ESP 
082 |a 320. 97309311  |b FAL 
100 |a Faludi, Susan  |e (autor) 
245 1 3 |a La pesadilla terrorista :  |b miedo y fantasía en Estados Unidos después del 11-S /  |c S. Faludi ; tr. por Antonio-Prometeo Moya. 
264 4 |a Barcelona, España :  |b Anagrama,  |c 2009, c2009 
300 |a 443 p. 
336 |a texto  |b txt  |2 rdacontenido 
337 |a sin mediación  |b n  |2 rdamedio 
338 |a volumen  |b nc  |2 rdasoporte 
440 1 |a (Argumentos ;  |v 401) 
500 |a Traducción de: The Terror Dream: Fear and Fantasy in Post-9/11 America 
649 |a XX 
650 |a Medios de Comunicación -  |z EUA -  |x Aspectos Sociales y Culturales 
650 |a Miedo -  |z EUA 
650 |a Identidad Nacional -  |z EUA 
650 |a Identidad Cultural -  |z EUA 
650 |a EUA -  |x Condiciones Políticas 
650 |a EUA -  |x Condiciones Sociales y Culturales 
650 |a Política -  |z EUA -  |x Historia -  |y 11 de Septiembre de 2001 -  |x Tema Principal 
650 |a Política -  |z EUA -  |x Historia -  |y 2001-2009 
650 |a Política -  |z EUA -  |x Historia -  |y Siglo XXI 
650 |a Feminismo 
650 |a Psicología Social 
650 |a Sociología de la Comunicación 
650 |a Sociología Política 
910 |a Fondo General 
920 |a Impresos - Libros 
930 |a Colección General 
905 |a 101 
901 |a 0500196456  |b IT1  |c ACC  |i C125245  |u 20250521 
902 |a https://opac.biblio.iteso.mx/vufind/Record/000309921